[Event "GCT Zagreb 2019"]
[Site "Zagreb"]
[Date "2019.07.07"]
[Round "11.2"]
[White "Aronian, Levon"]
[Black "So, Wesley"]
[Result "1/2-1/2"]
[WhiteElo "2752"]
[BlackElo "2754"]
[Annotator "TA"]
[PlyCount "87"]
[EventDate "2019.06.26"]
[EventType "tourn"]
[EventCountry "CRO"]
[SourceTitle "playchess.com"]
[Source "ChessBase"]
[SourceQuality "1"]

{[%evp 17,87,14,3,7,6,0,8,0,0,0,0,0,0,0,12,0,5,0,0,0,6,0,0,0,0,-7,0,0,0,0,0,0,0,0,0,-7,0,0,0,0,0,0,0,0,0,0,12,0,0,0,0,0,0,0,0,0,0,0,0,0,0,0,0,0,0,0,0,0,0,0,0,0]} 1. e4 e5 2. Nf3 Nc6 3. Bc4 Bc5 4. c3 Nf6 5. d4 exd4 6. e5 d5 7. Bb5 Ne4 8. cxd4 Bb6 9. Nc3 O-O {The position is equal.} 10. Be3 {C54: Giuoco Piano: 4 c3 Nf6, main lines with 5 d4 and 5 d3} Bg4 11. h3 Bh5 12. Qc2 Nxc3 $146 (12... Ba5 13. Bxc6 bxc6 14. O-O Bxc3 15. bxc3 f6 16. Nd2 Bg6 17. Nxe4 Bxe4 {0-1 (67) Jones,G (2702)-Ponomariov,R (2675) Hengshui 2019}) 13. bxc3 f6 14. exf6 Qxf6 15. Be2 Na5 16. O-O Rae8 17. Ne5 Bxe2 18. Qxe2 {next Nd7 is good for White.} Qe6 19. Rae1 Nc4 20. Nxc4 dxc4 21. Qd1 Qd5 22. Bc1 Ba5 23. Qc2 {[#] Ba3 is the strong threat.} Re6 24. Rxe6 Qxe6 25. Qb2 b6 26. Be3 Qd5 27. a4 c6 28. Qa3 Rf6 29. Bd2 Rg6 {[%csl Gg6][%cal Rd5g2] [#]} 30. f3 c5 {aiming for ...Re6.} 31. Be3 $1 Qe6 32. Qc1 Qxh3 {[%csl Gh3][%cal Rg6g2]} 33. Qc2 $1 {[%cal Rc2g6] Hoping for Qxg6!} Qe6 34. Kf2 Qd6 35. Qe4 h6 36. dxc5 bxc5 37. Qxc4+ Kh7 38. f4 Qf6 39. Qe4 Bxc3 40. Bxc5 Qc6 41. Qxc6 Rxc6 42. Bxa7 Ra6 43. Be3 Rxa4 44. g4 {Accuracy: White = 65%, Black = 72%.} 1/2-1/2

[Event "GCT Zagreb 2019"]
[Site "Zagreb"]
[Date "2019.07.07"]
[Round "11.3"]
[White "Nepomniachtchi, Ian"]
[Black "Giri, Anish"]
[Result "0-1"]
[WhiteElo "2775"]
[BlackElo "2779"]
[Annotator "TA"]
[PlyCount "72"]
[EventDate "2019.06.26"]
[EventType "tourn"]
[EventCountry "CRO"]
[SourceTitle "playchess.com"]
[Source "ChessBase"]
[SourceQuality "1"]

{[%evp 9,72,8,7,4,3,14,5,0,26,1,25,0,0,0,3,0,0,-119,-134,-108,-126,-131,-151,-130,-128,-136,-130,-137,-135,-143,-125,-173,-182,-193,-187,-204,-204,-171,-176,-208,-160,-143,-161,-148,-70,-198,-181,-197,-195,-216,-204,-216,-192,-199,-197,-248,-249,-427,-394,-477,-463,-465,-454,-441,-420]} 1. e4 c5 2. Nf3 d6 3. Bb5+ Nd7 4. c3 Ngf6 5. Bd3 (5. Qe2 a6 6. Ba4 b5 7. Bc2 Bb7 8. d4 g6 9. O-O Bg7 10. e5 dxe5 11. dxe5 Bxf3 12. gxf3 Nd5 13. e6 N7f6 14. c4 bxc4 15. exf7+ Kxf7 {0-1 (31) Mamedov,R (2701)-Nepomniachtchi,I (2771) Astana 2019}) 5... g6 6. Bc2 {B51: Sicilian: Moscow Variation (3 Bb5+) without 3...Bd7} Bg7 7. d4 O-O 8. O-O {The position is equal.} b5 9. e5 $146 ({Predecessor:} 9. a4 b4 10. a5 Ba6 11. Re1 e5 12. d5 Rb8 13. cxb4 Rxb4 {0-1 (33) Kalema,R-Kawuma,P (2279) Kampala 2017}) 9... Ne8 10. e6 fxe6 11. Ng5 Nc7 12. dxc5 Nxc5 {[#]} 13. Nxh7 $1 {[%mdl 512]} Kxh7 $17 14. Qh5+ Kg8 15. Bxg6 {[%csl Gg6][%cal Rh5h7]} Rf6 16. Qh7+ Kf8 17. Bh6 {[%csl Gh7][%cal Rh6g7]} Rxg6 $1 18. Qxg6 Bxh6 $1 {[%mdl 64] Overworked Piece} 19. Qxh6+ Ke8 20. b4 Na4 21. Na3 Kd7 22. c4 {[#]} bxc4 $1 23. Nxc4 Ba6 24. Rac1 {With the idea Ne5+!} Nb6 25. Nxb6+ axb6 {[%cal Ba7b6,Bb6b5][%mdl 32]} 26. Rfe1 {[#]} Bb7 (26... Qg8 $1 $17 {Strongly threatening ...Bb7!} 27. Rc3 Qg4) 27. Qe3 ({White has to play} 27. Rxc7+ $1 $15 Kxc7 28. Qxe6) 27... b5 $19 ({Don't take} 27... Rxa2 28. Qxb6 Qc8 29. h4 $15) 28. a3 Bd5 29. Rc3 {[#]} Qg8 $1 {[%csl Gd5][%cal Rg8g2]} 30. Qh3 Qg7 31. Rec1 Bc4 32. Re1 (32. Qh4 $142 Rh8 33. Qg3) 32... Qd4 $40 {[%mdl 128] Black goes for the king.} 33. Rf3 $2 (33. Qf3) 33... Qd2 {[%cal Rd2e1]} 34. Rb1 Nd5 {Black is clearly winning.} 35. Qg3 Be2 36. Rfb3 Bd1 {Accuracy: White = 26%, Black = 86%.} 0-1

[Event "GCT Zagreb 2019"]
[Site "Zagreb"]
[Date "2019.07.07"]
[Round "11.4"]
[White "Karjakin, Sergey"]
[Black "Caruana, Fabiano"]
[Result "1/2-1/2"]
[WhiteElo "2748"]
[BlackElo "2819"]
[Annotator "TA"]
[PlyCount "131"]
[EventDate "2019.06.26"]
[EventType "tourn"]
[EventCountry "CRO"]
[SourceTitle "playchess.com"]
[Source "ChessBase"]
[SourceQuality "1"]

{[%evp 16,131,53,65,43,53,44,47,49,36,45,44,38,33,40,17,16,20,21,13,16,16,29,31,34,0,21,20,12,13,22,25,37,24,64,47,70,73,89,89,85,82,83,0,114,109,166,172,218,176,173,0,177,160,179,157,162,167,191,129,167,73,57,85,85,60,69,32,39,37,29,39,59,56,88,9,66,23,5,0,34,0,0,0,8,13,115,113,75,0,0,0,0,0,0,0,0,0,0,0,0,0,0,0,0,0,0,0,0,0,0,0,0,0,8,8,8,8]} 1. d4 Nf6 2. c4 e6 3. Nf3 c5 4. d5 d6 5. Nc3 exd5 6. cxd5 g6 7. h3 a6 8. a4 Qe7 9. Bf4 Nbd7 {[%cal Bb8d7,Bd7e5,Be5f3][%mdl 32] A61: Modern Benoni: Nf3 without early e4} 10. e3 Bg7 11. Be2 O-O {White is slightly better.} 12. O-O Rb8 13. Re1 Ne8 14. e4 Ne5 {[#]} 15. a5 $146 ({Predecessor:} 15. Nxe5 Bxe5 16. Qd2 Nf6 17. Bf1 Re8 18. Rad1 Bd4 19. b4 Nh5 20. Bh2 b6 21. b5 {½-½ (21) Ponomariov,R (2663)-Donchenko,A (2607) Germany 2019}) 15... b5 16. axb6 Rxb6 17. Qd2 Nxf3+ 18. Bxf3 (18. gxf3 Qh4 $15) 18... Be5 19. Bxe5 Qxe5 20. Nd1 Nc7 21. Ne3 {Strongly threatening Nc4.} Rb4 22. Rac1 Rd4 23. Qe2 Nb5 24. Nc4 $36 {[%mdl 2048] White has good play.} Qg5 25. Qe3 Qh4 26. b4 Re8 27. bxc5 dxc5 28. Qb3 h5 29. Qc2 (29. Red1 $16) 29... Kg7 (29... Qg5 $1 $11) 30. Qb2 Qf6 (30... Kg8 $16) 31. Re3 $18 h4 32. Nd2 Qe5 33. Nc4 $2 ({Inferior is} 33. Rxc5 Rxd5 34. Qxe5+ (34. exd5 Qxb2 35. Rxe8 Bd7 $19) 34... Rdxe5 $11) (33. Rc2 $18) 33... Qg5 $2 (33... Qf6 $1 $11 {and Black has nothing to worry.}) 34. Kh1 Kh7 35. Qe2 Qf4 36. Nb2 Qc7 37. Qc2 (37. e5 $18) 37... Bd7 38. Qxc5 (38. Nc4 $1 $18 {is more deadly.}) 38... Qxc5 $16 39. Rxc5 Rd2 40. Nd3 Nd6 41. Rc7 Bb5 42. Nc5 Rxf2 43. Re1 Kh6 44. e5 Nf5 {[#] Black wants to play ...Rxe5.} 45. Kg1 ({Much worse is} 45. Rxf7 Rxe5 46. Rb1 (46. Rxe5 {leads to mate.} Ng3+ 47. Kh2 Rf1 48. Rh5+ gxh5 49. Rf6+ Kg7 50. Rf7+ {[%mdl 64] Decoy} Kxf7 51. Bxh5+ Kg7 52. Ne6+ Kh6 53. Bg4 Rh1#) 46... Nd4 $15) (45. Kh2 $1 $16) 45... Ra2 (45... Rc2 $11 46. Ne6 Rc8 47. Rxf7 Rc1) 46. e6 fxe6 $1 47. dxe6 Nd4 48. Bd5 (48. e7 $5 {[%cal Rf3d5]}) 48... Rd2 49. Bf3 a5 50. e7 {Ne4 is the strong threat.} a4 {[#]} (50... Nxf3+ $11 51. gxf3 Rc2) 51. Ne4 $1 {[%cal Re4d2]} Rc2 52. Rxc2 ({White should play} 52. Nc3 $16 Bd3 53. Nd5) 52... Nxc2 $11 {The position is equal.} 53. Rc1 {Threatens to win with Nf6.} Nd4 54. Nf6 Nxf3+ 55. gxf3 {[%mdl 4096] Endgame KRB-KRN} Ra8 {With the idea ...Kg7.} 56. Re1 a3 57. Ra1 Bc6 58. e8=Q Bxe8 59. Nxe8 Rxe8 60. Rxa3 {KR-KR} Kg5 61. Kf2 Kh6 62. Ra4 g5 63. f4 Rf8 64. Kf3 Rxf4+ 65. Rxf4 gxf4 66. Kxf4 {Accuracy: White = 61%, Black = 44%.} 1/2-1/2

[Event "GCT Zagreb 2019"]
[Site "Zagreb"]
[Date "2019.07.07"]
[Round "11.5"]
[White "Mamedyarov, Shakhriyar"]
[Black "Ding, Liren"]
[Result "1/2-1/2"]
[WhiteElo "2774"]
[BlackElo "2805"]
[Annotator "TA"]
[PlyCount "103"]
[EventDate "2019.06.26"]
[EventType "tourn"]
[EventCountry "CRO"]
[SourceTitle "playchess.com"]
[Source "ChessBase"]
[SourceQuality "1"]

{[%evp 26,103,0,10,21,0,0,0,9,3,3,11,6,11,12,12,16,16,16,9,48,45,51,47,54,60,83,75,85,85,85,85,78,87,82,80,203,202,205,206,464,464,407,370,296,266,181,125,125,125,122,18,18,18,18,18,18,21,73,73,103,102,101,90,66,0,0,0,0,0,0,0,0,0,0,0,0,0,0,0]} 1. d4 Nf6 2. c4 e6 3. Nf3 d5 4. Nc3 c5 5. cxd5 Nxd5 6. e4 Nxc3 7. bxc3 cxd4 8. cxd4 Bb4+ 9. Bd2 Bxd2+ 10. Qxd2 O-O 11. Bc4 Nd7 12. O-O b6 13. Rad1 Bb7 14. Rfe1 Rc8 {D41: Queen's Gambit Declined: Semi-Tarrasch with 5 cxd5} 15. Bb3 Re8 16. h3 Nf6 17. Qf4 Nh5 18. Qh2 h6 {[#]} 19. Nd2 $146 (19. d5 exd5 20. e5 g6 21. Nd4 Ng7 22. Nb5 {½-½ (54) Mamedyarov,S (2820)-Ding,L (2804) Batumi 2018}) ({Predecessor:} 19. h4 a5 20. g4 Nf6 21. Qf4 b5 22. Ne5 {½-½ (50) Adhiban,B (2683)-Ding,L (2812) Astana 2019}) 19... b5 20. Qe5 $36 {[%mdl 2048] White has the initiative.} Qg5 21. Qxg5 hxg5 22. Nf3 g4 23. hxg4 Nf6 24. Ng5 a5 $1 {[%cal Ra5a4] Threatening ...a4.} 25. Rb1 Bc6 26. f3 $1 Nh7 27. Nxh7 Kxh7 28. Kf2 Kg8 29. Rec1 Bd7 30. d5 {[%cal Bd4d5,Bd5d6][%mdl 32]} e5 (30... exd5 $16 {keeps fighting.} 31. Rd1 (31. exd5 Rxc1 32. Rxc1 a4 $14) (31. Bxd5 b4 $16) 31... Red8) 31. d6 $1 $18 Rxc1 32. Rxc1 Rc8 $2 (32... g5 33. Bd5 Kg7) 33. Rxc8+ $1 Bxc8 {[%mdl 4096] Endgame KB-KB} 34. Bd5 Kf8 35. g5 b4 36. Ke3 ({But not} 36. Bc6 $6 Be6 $14) ({White should try} 36. g6 $1 $18 {[%cal Rg6f7]} f6 37. Bf7 (37. Bc6 Be6 $11)) 36... Ke8 $16 37. f4 exf4+ 38. Kxf4 (38. Kd4 $1 $16) 38... a4 $1 $11 39. g6 f6 $1 40. e5 fxe5+ 41. Kxe5 Bg4 (41... Kd7 $1 $11 {keeps the balance.}) 42. Kd4 $1 $16 {[%cal Rd4c5] Threatens to win with Kc5.} Bd1 {[#]} 43. Bc6+ $1 Kd8 {[#]} 44. Kc4 $1 {[%cal Rc4b4]} b3 45. axb3 (45. a3 $1 $14 b2 46. Be4) 45... a3 $11 {[%cal Ba4a3,Ba3a2][%mdl 32] And now ...a2 would win.The position is equal.} 46. Kc3 {Hoping for b4.} a2 $1 {[%cal Ra2a1]} 47. Kb2 Bxb3 $1 48. Bb5 Bd5 49. Ka1 Be6 50. Kb2 Bd5 51. Ka1 Be6 52. Kb2 {Accuracy: White = 78%, Black = 63%.} 1/2-1/2

[Event "GCT Zagreb 2019"]
[Site "Zagreb"]
[Date "2019.07.07"]
[Round "11.6"]
[White "Nakamura, Hikaru"]
[Black "Anand, Viswanathan"]
[Result "1/2-1/2"]
[WhiteElo "2754"]
[BlackElo "2767"]
[Annotator "TA"]
[PlyCount "84"]
[EventDate "2019.06.26"]
[EventType "tourn"]
[EventCountry "CRO"]
[SourceTitle "playchess.com"]
[Source "ChessBase"]
[SourceQuality "1"]

{[%evp 12,84,14,12,20,15,14,18,1,0,0,3,5,0,0,0,0,0,11,8,16,13,17,10,8,12,18,4,8,0,0,0,0,-6,0,-10,0,0,0,-25,-31,-17,-10,-44,0,0,0,0,0,0,0,0,0,0,0,0,0,0,0,0,0,0,0,0,0,0,0,0,0,-8,-8,-8,-8,-8,-8]} 1. d4 Nf6 2. c4 e6 3. Nc3 Bb4 4. Qc2 d5 5. cxd5 exd5 6. Bg5 O-O 7. e3 Re8 {E35: Nimzo-Indian: Classical: 4...d5 5 cxd5 exd5} (7... h6 8. Bh4 c5 9. Nf3 Be6 10. Be2 Nbd7 11. O-O Rc8 12. a3 Bxc3 13. Qxc3 g5 14. Bg3 Ne4 15. Qe1 Nxg3 16. hxg3 {½-½ (72) Bindrich,F (2590)-Papp,G (2608) Austria 2016}) 8. Bd3 h6 9. Bxf6 Qxf6 10. Qa4 $146 ({Predecessor:} 10. Nf3 c6 11. O-O a6 12. a3 Ba5 13. b4 Bb6 14. a4 a5 15. b5 {1-0 (32) Gomez Celdran,F (2110)-Sanchez Carol,J (1850) IECG email 2000}) 10... Bxc3+ 11. bxc3 {[%cal Ra4e8]} c6 (11... Nc6 {with more complications.} 12. Ne2 b6 13. O-O Bb7 14. Nf4 Na5) 12. Ne2 Bf5 13. Bxf5 Qxf5 14. c4 Nd7 15. cxd5 Qxd5 16. O-O c5 17. Rfd1 {Threatens to win with dxc5.} Red8 18. Rac1 b6 19. Qa3 {Threatening dxc5.} Qb7 20. h3 cxd4 21. Rxd4 {aiming for Rcd1.} Nc5 22. Rg4 Ne6 23. Ng3 Rd5 24. e4 Rg5 25. Rd1 Rxg4 26. hxg4 Qc7 27. Nf5 Rd8 (27... Qc2 $5 {[%cal Rc2d1]} 28. Re1 Qd2 $15) 28. Rxd8+ {The position is equal.} Qxd8 29. Qxa7 Qd1+ 30. Kh2 {Black must now prevent Ne7+.} Qxg4 31. Qxb6 Qxe4 32. Ne3 Qe5+ 33. g3 h5 34. Qc6 h4 35. Qe8+ Kh7 {...hxg3+ is the strong threat.} 36. Qxf7 hxg3+ 37. Kg2 gxf2 38. Qf5+ Qxf5 39. Nxf5 Nc5 40. a4 Nxa4 {[#]} 41. Nxg7 $1 {[%mdl 512] [#]} f1=Q+ $1 {[%mdl 512]} (41... Kxg7 42. Kxf2) 42. Kxf1 Kxg7 {Accuracy: White = 60%, Black = 71%.} 1/2-1/2